000 01266nam a2200313 a 4500
001 ebr10040692
003 CaPaEBR
006 m u
007 cr cn|||||||||
008 010626s2002 ctu sbf 001 0 eng
010 _z 2001042326
020 _z9780313011177
020 _z0313314071 (alk. paper)
040 _aCaPaEBR
_cCaPaEBR
035 _a(OCoLC)567992263
050 1 4 _aPR871
_b.C64 2002eb
082 0 4 _a823/.809
_221
245 0 2 _aA companion to the Victorian novel
_h[electronic resource] /
_cedited by William Baker and Kenneth Womack.
260 _aWestport, Conn. :
_bGreenwood Press,
_c2002.
300 _axii, 445 p.
504 _aIncludes bibliographical references (p. [421]-426) and index.
533 _aElectronic reproduction.
_bPalo Alto, Calif. :
_cebrary,
_d2013.
_nAvailable via World Wide Web.
_nAccess may be limited to ebrary affiliated libraries.
650 0 _aEnglish fiction
_y19th century
_xHistory and criticism
_vHandbooks, manuals, etc.
655 7 _aElectronic books.
_2local
700 1 _aBaker, William,
_d1944-
700 1 _aWomack, Kenneth.
710 2 _aebrary, Inc.
856 4 0 _uhttp://site.ebrary.com/lib/rucke/Doc?id=10040692
_zAn electronic book accessible through the World Wide Web; click to view
999 _c174365
_d174365